[Event "BRA-ch U16"]
[Site "Itajai"]
[Date "2016.06.11"]
[Round "4"]
[White "Dickel, Henrique de Oliveir"]
[Black "Katscher, Gabriel Angelo Fing"]
[Result "1-0"]
[WhiteElo "1897"]
[BlackElo "1544"]
[PlyCount "45"]
[EventDate "2016.06.09"]
[EventType "swiss"]
[EventRounds "6"]
[EventCountry "BRA"]
[SourceTitle "CBM 172 Extra"]
[Source "ChessBase"]
[SourceDate "2016.06.21"]
[SourceVersion "1"]
[SourceVersionDate "2016.06.21"]
[SourceQuality "1"]

1. e4 c5 2. Nf3 d6 3. d4 cxd4 4. Nxd4 Nf6 5. Nc3 g6 6. f4 Bg7 7. e5 dxe5 8. fxe5 Bg4 9. Bb5+ Nbd7 10. Qd3 Ng8 11. h3 Be6 12. Nxe6 fxe6 13. Bf4 Qc7 14. Bxd7+ Qxd7 15. Qe3 Qc6 16. 0-0-0 Qxg2 17. Ne4 Bh6 18. Rhg1 Bxf4 19. Qxf4 Qxh3 20. Ng5 Qf5 21. Qa4+ Kf8 22. Rgf1 h6 23. Nxe6+ 1-0